000 00487nam a2200181Ia 4500
003 OSt
005 20210104110518.0
008 190216s9999||||xx |||||||||||||| ||und||
020 _a9788171302031
040 _coclc
082 _a894.8121
_bKUR/A
100 _aKurup, O N V
_97466
245 0 _aAparahnam /
_cO N V Kurup
260 _bDc Books,
_aKottayam:
_c2005.
300 _a108p
650 _aKavitha
942 _cBK
_2ddc
_h894.8121
_iKUR/A
_k894.8121
_mKUR/A
999 _c28535
_d28535